000
00289 a2200145 4500
001
181526
020
_a
040
_c
Magnum
100
_a
Dias, Edna Cardozo
240
1
0
_a
S.o.s animal
_l
por
245
1
0
_a
S.o.s animal
362
0
_a
1899
697
_a
MAGNITO: ZOOLOGIA
942
_c
BK
999
_c
181526
_d
181526